Normal view
MARC view
- National characteristics, American, in literature
Entry Topical Term
001 - CONTROL NUMBER
- control field: 88703
003 - CONTROL NUMBER IDENTIFIER
- control field: KE-NaSUL
005 - DATE AND TIME OF LATEST TRANSACTION
- control field: 20250825172133.0
008 - FIXED-LENGTH DATA ELEMENTS
- fixed length control field: 250825|| aca||aabn | a|a d
040 ## - CATALOGING SOURCE
- Original cataloging agency: KE-NaSUL
- Transcribing agency: KE-NaSUL
150 ## - HEADING--TOPICAL TERM
- Topical term or geographic name as entry element: National characteristics, American, in literature
670 ## - SOURCE DATA FOUND
- Source citation: Work cat.: (KE-NaSUL)57363: Boswell, Marshall, 1965- 88700, John Updike's Rabbit tetralogy, c2001.